| 000 | 01288cam a2200349Ia 4500 | ||
|---|---|---|---|
| 001 | 10593087 | ||
| 003 | ARRUPE | ||
| 005 | 20150716152126.0 | ||
| 006 | m u | ||
| 007 | cr cn||||||||| | ||
| 008 | 930920s1993 nyu sb 001 0 eng d | ||
| 020 | _z9780195083552 | ||
| 020 | _z0195083555 | ||
| 035 | _a(CaPaEBR)ebr10358308 | ||
| 035 | _a(NNC)10593087 | ||
| 040 |
_aCaPaEBR _cCaPaEBR |
||
| 050 | 1 | 4 |
_aJK468.E7 _bP47 1993eb |
| 100 | 1 |
_aPerry, Michael J. _918295 |
|
| 245 | 1 | 0 |
_aLove and power _bthe role of religion and morality in American politics / _cMichael J. Perry. |
| 246 | 3 | _aLove & power | |
| 260 |
_aNew York : _bOxford University Press, _c1993. |
||
| 300 | _aviii, 218 p. | ||
| 504 | _aIncludes bibliographical references (p. 146-208) and index. | ||
| 533 |
_aElectronic reproduction. _bPalo Alto, Calif. : _cebrary, _d2010. _nAvailable via World Wide Web. _nAccess may be limited to ebrary affiliated libraries. |
||
| 650 | 0 |
_aPolitical ethics _zUnited States. _918296 |
|
| 650 | 0 |
_aCultural pluralism _zUnited States. _912488 |
|
| 655 | 7 |
_aElectronic books. _2local _918297 |
|
| 710 | 2 |
_aebrary, Inc. _918298 |
|
| 856 | 4 | 0 |
_uhttp://www.columbia.edu/cgi-bin/cul/resolve?clio10593087 _zClick here for full text. |
| 942 |
_2lcc _cMONOGRAPH |
||
| 999 |
_c122966 _d122966 |
||